[Event "WECU-ch36"]
[Site "Winchester"]
[Date "1981.04.16"]
[Round "1"]
[White "Boyce, James R"]
[Black "Aitken, James Macrae"]
[Result "0-1"]
[WhiteElo "2088"]
[BlackElo "2112"]
[PlyCount "49"]
[EventDate "1981.04.16"]
[EventType "swiss"]
[EventRounds "7"]
[EventCountry "ENG"]
[SourceTitle "Aitken Book 43"]
[Source "Geoff Chandler"]
[SourceDate "2021.09.09"]
[SourceVersion "1"]
[SourceVersionDate "2021.09.09"]
[SourceQuality "1"]

1. e4 e5 2. Bc4 Nf6 3. d3 c6 4. Nf3 d5 5. Bb3 Bd6 6. Nc3 d4 7. Ne2 O-O 8. O-O
Bg4 9. h3 Bxf3 10. gxf3 Nh5 11. f4 Nxf4 12. Nxf4 exf4 13. Qg4 Qd7 14. Qh5 Re8
15. Kh1 Re5 16. Qf3 Rg5 17. Bd2 Rg6 18. Rg1 Rg3 19. Rxg3 fxg3 20. Kg2 gxf2 21.
Qxf2 Na6 22. Rf1 Rf8 23. Qxd4 Qe7 24. Bc3 Qg5+ 25. Kf2 $4 {Aitken. Source:
Aitken Book 43} 0-1

[Event "WECU-ch36"]
[Site "Winchester"]
[Date "1981.04.16"]
[Round "1"]
[White "Buckmaster, Martin J"]
[Black "Thompson, Ian D"]
[Result "0-1"]
[WhiteElo "1976"]
[BlackElo "2064"]
[PlyCount "70"]
[EventDate "1981.04.16"]
[EventType "swiss"]
[EventRounds "7"]
[EventCountry "ENG"]
[SourceTitle "BritBase"]
[Source "John Saunders"]
[SourceDate "2024.07.04"]
[SourceVersion "1"]
[SourceVersionDate "2024.07.04"]
[SourceQuality "1"]

1. e4 e6 2. d4 d5 3. Nc3 Bb4 4. Bd2 dxe4 5. Qg4 Nf6 6. Qxg7 Rg8 7. Qh6 Nc6 8.
O-O-O Rg6 9. Qh4 Bxc3 10. Bxc3 Bd7 11. f3 Qe7 12. fxe4 Rg4 13. Qh3 e5 14. Nf3
Nxe4 15. Qxh7 O-O-O 16. Be1 Nf6 17. Qh6 e4 18. Ne5 Rgg8 19. Bh4 Nxe5 20. dxe5
Bg4 21. Rxd8+ Qxd8 22. Bc4 Qd4 23. Bxf6 Qxc4 24. Re1 Qxa2 25. Rxe4 Qa1+ 26. Kd2
Qd1+ 27. Kc3 Bf5 28. Qh4 Bxe4 29. Qxe4 Kb8 30. h3 Rg3+ 31. Kc4 Qf1+ 32. Kd4
Qxg2 33. Qxg2 Rxg2 34. h4 Rxc2 35. h5 Rh2 {Source: Ian Thompson} 0-1

[Event "WECU-ch36"]
[Site "Winchester"]
[Date "1981.04.16"]
[Round "1"]
[White "Cullinane, Anthony Robert"]
[Black "Derrick, Kenneth W"]
[Result "0-1"]
[WhiteElo "2000"]
[BlackElo "2072"]
[PlyCount "32"]
[EventDate "1981.04.16"]
[EventType "swiss"]
[EventRounds "7"]
[EventCountry "ENG"]
[SourceTitle "BritBase"]
[Source "John Saunders"]
[SourceDate "2024.07.04"]
[SourceVersion "1"]
[SourceVersionDate "2024.07.04"]
[SourceQuality "1"]

1. e4 e5 2. f4 exf4 3. Nc3 Qh4+ 4. Ke2 d5 5. Nxd5 Bg4+ 6. Nf3 Nc6 7. Nxc7+ Kd8
8. Nxa8 Nd4+ 9. Kd3 Qf6 10. c3 Qa6+ 11. c4 Qd6 12. Kc3 Nf6 13. Qe1 Bxf3 14.
gxf3 Qe5 15. Kd3 Nd7 16. c5 Nxc5+ {Source: David LeMoir} 0-1

[Event "WECU-ch36"]
[Site "Winchester"]
[Date "1981.04.16"]
[Round "1"]
[White "Mordue, A Tyson"]
[Black "Ashby, Alan Peter"]
[Result "1-0"]
[WhiteElo "2072"]
[BlackElo "2248"]
[PlyCount "65"]
[EventDate "1981.04.16"]
[EventType "swiss"]
[EventRounds "7"]
[EventCountry "ENG"]
[SourceTitle "BritBase"]
[Source "John Saunders"]
[SourceDate "2024.07.04"]
[SourceVersion "1"]
[SourceVersionDate "2024.07.04"]
[SourceQuality "1"]

1. e4 e6 2. d4 d5 3. Nd2 Nc6 4. Ngf3 Nf6 5. e5 Nd7 6. Nb3 Be7 7. Bb5 O-O 8. O-O
Ndb8 9. Re1 Bd7 10. Bf1 a5 11. Be3 a4 12. Nbd2 a3 13. b3 Bb4 14. Bd3 f5 15.
exf6 gxf6 16. c3 Bxc3 17. Bxh7+ Kxh7 18. Qc2+ Kh8 19. Qxc3 Na6 20. Bf4 Qe8 21.
Re3 Kg7 22. Ne1 Kf7 23. Nc2 Qe7 24. Rae1 Rg8 25. Nb1 Nab4 26. Nbxa3 Nxc2 27.
Nxc2 Rxa2 28. Bxc7 Rc8 29. Rh3 Qf8 30. Rh7+ Ke8 31. Qg3 Rxc7 32. Qxc7 Nb8 33.
Qxb8+ {Source: David LeMoir} 1-0

[Event "WECU-ch36"]
[Site "Winchester"]
[Date "1981.04.16"]
[Round "1"]
[White "Staples, Maurice J"]
[Black "LeMoir, David A"]
[Result "1/2-1/2"]
[WhiteElo "2256"]
[BlackElo "2112"]
[PlyCount "104"]
[EventDate "1981.04.16"]
[EventType "swiss"]
[EventRounds "7"]
[EventCountry "ENG"]
[SourceTitle "BritBase"]
[Source "John Saunders"]
[SourceDate "2024.07.04"]
[SourceVersion "1"]
[SourceVersionDate "2024.07.04"]
[SourceQuality "1"]

1. Nc3 e5 2. Nf3 Nc6 3. d4 exd4 4. Nxd4 Bc5 5. Nb3 Bb4 6. Qd3 d5 7. a3 Bxc3+ 8.
Qxc3 Nf6 9. Bg5 d4 10. Qd3 Qd5 11. Bxf6 gxf6 12. O-O-O Be6 13. e4 Qg5+ 14. Kb1
O-O-O 15. f4 Qxf4 16. Nc5 Rd6 17. Qb5 Nd8 18. Qa4 Kb8 19. Bd3 Qe5 20. b4 Bc8
21. Rdf1 Rg8 22. g3 Rg5 23. Rf3 Ne6 24. Nxe6 Qxe6 25. Rhf1 Qe7 26. Qb3 Re5 27.
Rf4 b6 28. Kb2 a6 29. Rh4 h5 30. Rff4 Bb7 31. Rf5 Rde6 32. Rfxh5 Rxh5 33. Rxh5
Bxe4 34. Rh8+ Ka7 35. Bxa6 Rc6 36. Bd3 b5 37. Bxe4 Qxe4 38. Rh4 Qe5 39. Qd3 Rc4
40. Re4 Qd5 41. Rf4 c6 42. Rxf6 Kb6 43. Qf5 Qg2 44. Qf2 Qd5 45. Rf5 Qd6 46.
Rxf7 Ka6 47. h4 Rc3 48. Qf5 Qb8 49. g4 Kb6 50. h5 Qa8 51. a4 Qxa4 52. Kc1 Rc4 {
Source: David LeMoir} 1/2-1/2

[Event "WECU-ch36"]
[Site "Winchester"]
[Date "1981.04.16"]
[Round "1"]
[White "Wells, Peter K"]
[Black "Cock, John Crowle"]
[Result "1-0"]
[WhiteElo "2208"]
[BlackElo "2056"]
[PlyCount "57"]
[EventDate "1981.04.16"]
[EventType "swiss"]
[EventRounds "7"]
[EventCountry "ENG"]
[SourceTitle "BritBase"]
[Source "John Saunders"]
[SourceDate "2024.07.04"]
[SourceVersion "1"]
[SourceVersionDate "2024.07.04"]
[SourceQuality "1"]

1. d4 Nf6 2. c4 e6 3. Nc3 Bb4 4. e3 c5 5. Nge2 d5 6. a3 cxd4 7. axb4 dxc3 8.
Nxc3 Nc6 9. b5 Ne7 10. b3 O-O 11. Bb2 b6 12. Ra4 Bb7 13. Qa1 dxc4 14. bxc4 Nc8
15. Be2 Nd7 16. O-O Qg5 17. e4 Nc5 18. Ra3 Rd8 19. Nd5 Nxe4 20. Bf3 exd5 21.
Bxe4 dxe4 22. Rg3 Qxg3 23. fxg3 f6 24. Bxf6 gxf6 25. Qxf6 Nd6 26. Rf4 h5 27.
Qg6+ Kh8 28. Qxh5+ Kg7 29. Qg5+ {Source: David LeMoir} 1-0

[Event "WECU-ch36"]
[Site "Winchester"]
[Date "1981.04.16"]
[Round "2"]
[White "Aitken, James Macrae"]
[Black "Derrick, Kenneth W"]
[Result "1/2-1/2"]
[WhiteElo "2112"]
[BlackElo "2072"]
[PlyCount "80"]
[EventDate "1981.04.16"]
[EventType "swiss"]
[EventRounds "7"]
[EventCountry "ENG"]
[SourceTitle "Aitken Book 43"]
[Source "Geoff Chandler"]
[SourceDate "2021.09.09"]
[SourceVersion "1"]
[SourceVersionDate "2021.09.09"]
[SourceQuality "1"]

1. c4 e5 2. Nc3 Nf6 3. e3 Bb4 4. Nf3 Bxc3 5. dxc3 Nc6 6. b4 d6 7. b5 Ne7 8. Qc2
Ng6 9. Bd3 Qe7 10. Bf5 Be6 11. Bxe6 Qxe6 12. Qe2 Ne4 13. Bb2 Qg4 14. h3 Qe6 15.
O-O O-O 16. Qd3 Nc5 17. Qd5 Qf5 18. Nd4 Qf6 19. Nb3 Ne7 20. Qf3 Qxf3 21. gxf3
Na4 22. Rab1 f5 23. Ba1 Ng6 24. Nd2 Rad8 25. Kh2 Nc5 26. Nb3 Ne6 27. Rg1 f4 28.
e4 Nh4 29. Nd2 Rf6 30. Rg4 Rh6 31. Bb2 Nc5 32. Ba3 Nd3 33. Kg1 b6 34. Kf1 Ng6 {
First time control.} 35. Ke2 Nc5 36. Bxc5 dxc5 37. Rh1 Nf8 {(sealed move)} 38.
Rhg1 Rd7 39. h4 Rhd6 40. Nb3 Ne6 {Source: Aitken Book 43} 1/2-1/2

[Event "WECU-ch36"]
[Site "Winchester"]
[Date "1981.04.16"]
[Round "2"]
[White "Andrews, B Peter A"]
[Black "Staples, Maurice J"]
[Result "0-1"]
[WhiteElo "2152"]
[BlackElo "2256"]
[PlyCount "64"]
[EventDate "1981.04.16"]
[EventType "swiss"]
[EventRounds "7"]
[EventCountry "ENG"]
[SourceTitle "BritBase"]
[Source "John Saunders"]
[SourceDate "2024.07.04"]
[SourceVersion "1"]
[SourceVersionDate "2024.07.04"]
[SourceQuality "1"]

1. c4 e5 2. Nc3 Nc6 3. g3 d6 4. Bg2 g6 5. d3 Bg7 6. e3 h5 7. h3 Nh6 8. Nge2 h4
9. g4 f5 10. gxf5 Nxf5 11. a3 a5 12. Bd2 Bd7 13. Qc2 Qc8 14. Ne4 Nd8 15. N2c3
Ne6 16. Rc1 c6 17. Na4 Qc7 18. b4 axb4 19. axb4 O-O 20. Qb3 Rf7 21. b5 Raf8 22.
O-O Qd8 23. bxc6 Bxc6 24. Bb4 Bh6 25. c5 Nfd4 26. exd4 Nxd4 27. Qa2 Bxc1 28.
Rxc1 d5 29. Nd6 Rxf2 30. Qxf2 Rxf2 31. Kxf2 Qf6+ 32. Ke1 Qg5 {Source: David
LeMoir} 0-1

[Event "WECU-ch36"]
[Site "Winchester"]
[Date "1981.04.16"]
[Round "2"]
[White "Ashby, Alan Peter"]
[Black "Boyce, James R"]
[Result "1-0"]
[WhiteElo "2248"]
[BlackElo "2088"]
[PlyCount "59"]
[EventDate "1981.04.16"]
[EventType "swiss"]
[EventRounds "7"]
[EventCountry "ENG"]
[SourceTitle "BritBase"]
[Source "John Saunders"]
[SourceDate "2024.07.04"]
[SourceVersion "1"]
[SourceVersionDate "2024.07.04"]
[SourceQuality "1"]

1. Nf3 Nf6 2. g3 g6 3. Bg2 Bg7 4. O-O O-O 5. d3 d6 6. c4 Nc6 7. Nc3 Nh5 8. Rb1
f5 9. Bd2 f4 10. b4 e6 11. b5 Ne7 12. Ne1 fxg3 13. hxg3 Nf6 14. Nc2 Nf5 15. a4
h5 16. e3 Ng4 17. a5 Rb8 18. Nb4 Bd7 19. a6 b6 20. Qe2 Rf7 21. Ne4 Qe7 22. d4
Bh6 23. Nc3 Rbf8 24. d5 e5 25. Nc6 Qg5 26. Ne4 Nxg3 27. fxg3 Rxf1+ 28. Rxf1
Rxf1+ 29. Bxf1 Qf5 30. Ne7+ {Source: David LeMoir} 1-0

[Event "WECU-ch36"]
[Site "Winchester"]
[Date "1981.04.16"]
[Round "2"]
[White "LeMoir, David A"]
[Black "Shire, David John"]
[Result "1-0"]
[WhiteElo "2112"]
[BlackElo "2120"]
[PlyCount "51"]
[EventDate "1981.04.16"]
[EventType "swiss"]
[EventRounds "7"]
[EventCountry "ENG"]
[SourceTitle "BritBase"]
[Source "John Saunders"]
[SourceDate "2024.07.04"]
[SourceVersion "1"]
[SourceVersionDate "2024.07.04"]
[SourceQuality "1"]

1. e4 e5 2. Nf3 f5 3. Bc4 fxe4 4. Nxe5 d5 5. Qh5+ g6 6. Nxg6 hxg6 7. Bb5+ Kf7
8. Qxh8 Bg7 9. Qh7 a6 10. Be2 Nc6 11. f3 Nd4 12. fxe4 Nf6 13. Rf1 Bf5 14. Qh4
Qe7 15. Nc3 Rh8 16. Qf2 Nxe4 17. Nxe4 dxe4 18. Kd1 Nxc2 19. g4 Nxa1 20. gxf5 g5
21. Bc4+ Kf6 22. Qd4+ Qe5 23. Qxe5+ Kxe5 24. b3 e3 25. Bb2+ Ke4 26. d3# {
Source: David LeMoir} 1-0

[Event "WECU-ch36"]
[Site "Winchester"]
[Date "1981.04.16"]
[Round "2"]
[White "Thompson, Ian D"]
[Black "Mordue, A Tyson"]
[Result "0-1"]
[WhiteElo "2064"]
[BlackElo "2072"]
[PlyCount "134"]
[EventDate "1981.04.16"]
[EventType "swiss"]
[EventRounds "7"]
[EventCountry "ENG"]
[SourceTitle "BritBase"]
[Source "John Saunders"]
[SourceDate "2024.07.04"]
[SourceVersion "1"]
[SourceVersionDate "2024.07.04"]
[SourceQuality "1"]

1. c4 e5 2. Nc3 Nf6 3. g3 g6 4. Bg2 Bg7 5. e4 d6 6. Nge2 O-O 7. O-O Nc6 8. f4
a6 9. d3 Rb8 10. f5 Ne7 11. h3 gxf5 12. exf5 Nxf5 13. Bg5 h6 14. Bxf6 Bxf6 15.
Nd5 Bg7 16. g4 Nh4 17. Ng3 f5 18. gxf5 Nxf5 19. Nh5 c6 20. Qg4 Qg5 21. Nxg7
Kxg7 22. Qxg5+ hxg5 23. Nc3 Be6 24. Ne4 Kg6 25. Rae1 Rbd8 26. b3 Rh8 27. c5 d5
28. Nd2 Nd4 29. Rxe5 Bxh3 30. Nf3 Nxf3+ 31. Rxf3 Bxg2 32. Re6+ Kh5 33. Kxg2
Rhe8 34. Ref6 Re2+ 35. Kg3 Rde8 36. Rf7 R8e7 37. d4 a5 38. Rf8 R2e3 39. Rh8+
Kg6 40. Rg8+ Kh6 41. Rh8+ Kg7 42. Ra8 Rxf3+ 43. Kxf3 Kf6 44. Rxa5 Kf5 45. Ra8
g4+ 46. Kg3 Ke4 47. Ra4 Rg7 48. Rb4 Kd3 49. Ra4 Kc3 50. a3 Kxb3 51. Rb4+ Kc3
52. Ra4 Kb3 {(sealed move)} 53. Rb4+ Kc3 54. Ra4 Re7 55. Kxg4 Re4+ 56. Kf5 Rxd4
57. Ra7 Kc4 58. Rxb7 Kxc5 59. Ke6 Ra4 60. Rb1 d4 61. Rc1+ Rc4 62. Rh1 d3 63.
Rh5+ Kd4 64. a4 d2 65. Rh8 Rxa4 66. Rd8+ Ke3 67. Kf5 Rd4 {Source: Ian Thompson}
0-1

[Event "WECU-ch36"]
[Site "Winchester"]
[Date "1981.04.17"]
[Round "3"]
[White "Farndon, David Alexander"]
[Black "Ashby, Alan Peter"]
[Result "0-1"]
[WhiteElo "2056"]
[BlackElo "2248"]
[PlyCount "120"]
[EventDate "1981.04.16"]
[EventType "swiss"]
[EventRounds "7"]
[EventCountry "ENG"]
[SourceTitle "BritBase"]
[Source "John Saunders"]
[SourceDate "2024.07.04"]
[SourceVersion "1"]
[SourceVersionDate "2024.07.04"]
[SourceQuality "1"]

1. d4 Nf6 2. Bg5 c5 3. Bxf6 gxf6 4. d5 f5 5. Nf3 Bg7 6. c3 Qb6 7. Qd2 Qf6 8.
Na3 a6 9. Qg5 b5 10. Qxf6 Bxf6 11. O-O-O e5 12. e3 d6 13. c4 b4 14. Nb1 Nd7 15.
Ng1 Nb6 16. f4 e4 17. g3 a5 18. Nh3 Ba6 19. b3 a4 20. Nf2 axb3 21. axb3 Bc8 22.
Rd2 Ra1 23. Nd1 Bd7 24. Be2 Ke7 25. Nb2 Bc3 26. Rc2 Rha8 27. Bd1 Bc8 28. Re2
R8a2 29. Rg1 Ba6 30. Rgg2 Bb7 31. Rgf2 Bf6 32. Rg2 Bxd5 33. cxd5 Nxd5 34. Na4
Rxa4 35. bxa4 Nc3 36. Rb2 Nxd1 37. Kxd1 Bxb2 38. Rxb2 Rxa4 39. Kc2 d5 40. Kb3
Ra1 41. Kc2 Kd6 42. h3 Kc6 43. Kb3 Kb5 44. g4 fxg4 45. hxg4 c4+ 46. Kc2 h6 47.
Kd2 Kc5 48. Kc2 f6 49. Kd2 c3+ 50. Nxc3 bxc3+ 51. Kxc3 Rd1 52. Re2 Rd3+ 53. Kc2
d4 54. exd4+ Kxd4 55. Rh2 e3 56. g5 hxg5 57. fxg5 fxg5 58. Rg2 Rc3+ 59. Kd1 Rc5
60. Rb2 Kd3 {Source: Bristol Chess Times, January 1994, p6} 0-1

[Event "WECU-ch36"]
[Site "Winchester"]
[Date "1981.04.17"]
[Round "3"]
[White "Menadue, Jeremy FS"]
[Black "LeMoir, David A"]
[Result "1/2-1/2"]
[WhiteElo "1904"]
[BlackElo "2112"]
[PlyCount "55"]
[EventDate "1981.04.16"]
[EventType "swiss"]
[EventRounds "7"]
[EventCountry "ENG"]
[SourceTitle "BritBase"]
[Source "John Saunders"]
[SourceDate "2024.07.04"]
[SourceVersion "1"]
[SourceVersionDate "2024.07.04"]
[SourceQuality "1"]

1. d4 f5 2. e4 fxe4 3. Nc3 Nf6 4. g4 h6 5. f4 d5 6. Be2 g6 7. Be3 Bg7 8. Nh3 c6
9. Nf2 Qd6 10. Rg1 Nbd7 11. h4 Nf8 12. Qd2 Be6 13. O-O-O Rh7 14. Nh3 Qd7 15.
Nf2 Qd6 16. Rdf1 b5 17. Nh1 Qd7 18. Qd1 a5 19. Rf2 Bh8 20. Qf1 Nxg4 21. Bxg4
Bxg4 22. f5 gxf5 23. Rxg4 e6 24. Rgg2 Bf6 25. Qe2 Qe7 26. Rh2 Ra7 27. Rfg2 a4
28. Ng3 {Source: David LeMoir} 1/2-1/2

[Event "WECU-ch36"]
[Site "Winchester"]
[Date "1981.04.17"]
[Round "3"]
[White "Staples, Maurice J"]
[Black "Aitken, James Macrae"]
[Result "0-1"]
[WhiteElo "2256"]
[BlackElo "2112"]
[PlyCount "64"]
[EventDate "1981.04.16"]
[EventType "swiss"]
[EventRounds "7"]
[EventCountry "ENG"]
[SourceTitle "Aitken Book 43"]
[Source "Geoff Chandler"]
[SourceDate "2021.09.09"]
[SourceVersion "1"]
[SourceVersionDate "2021.09.09"]
[SourceQuality "1"]

1. Nc3 d5 2. d4 Nf6 3. Bg5 Bf5 4. f3 Bg6 5. e3 e6 6. Bd3 Be7 7. Nge2 Nh5 8.
Bxe7 Qxe7 9. Qd2 c6 10. O-O-O Nd7 11. e4 dxe4 12. fxe4 Nhf6 13. e5 Nd5 14. Bxg6
hxg6 15. Ne4 O-O 16. h4 f5 17. Ng5 f4 18. Rdf1 N7b6 19. Qd3 Rf5 20. g4 Rxg5 21.
hxg5 Qxg5 22. Kb1 Rf8 23. Rh3 Qxg4 24. Rg1 Qf5 25. Rxg6 Nc4 26. Rh2 Nd2+ 27.
Kc1 Ne4 28. Rhg2 Rf7 29. Nc3 Ndxc3 30. bxc3 f3 31. R2g4 f2 32. Qf1 Qf3 {
Source: Aitken Book 43} 0-1

[Event "WECU-ch36"]
[Site "Winchester"]
[Date "1981.04.17"]
[Round "3"]
[White "Wheeler, George W"]
[Black "Thompson, Ian D"]
[Result "1/2-1/2"]
[WhiteElo "2096"]
[BlackElo "2064"]
[PlyCount "57"]
[EventDate "1981.04.16"]
[EventType "swiss"]
[EventRounds "7"]
[EventCountry "ENG"]
[SourceTitle "BritBase"]
[Source "John Saunders"]
[SourceDate "2024.07.04"]
[SourceVersion "1"]
[SourceVersionDate "2024.07.04"]
[SourceQuality "1"]

1. f4 d5 2. Nf3 Nf6 3. e3 Bg4 4. Be2 Nbd7 5. Ne5 Bxe2 6. Qxe2 g6 7. O-O Bg7 8.
d3 O-O 9. Nd2 Nxe5 10. fxe5 Nd7 11. d4 f6 12. exf6 exf6 13. e4 Re8 14. Qd3 Nb6
15. exd5 Qxd5 16. c4 Qe6 17. b3 Qe2 18. Qxe2 Rxe2 19. Nf3 f5 20. Rf2 Rae8 21.
Bb2 c5 22. Rd1 cxd4 23. Bxd4 Bxd4 24. Rxd4 R2e4 25. Rfd2 Rxd4 26. Rxd4 Re7 27.
Kf2 Nd7 28. b4 Nf6 29. h3 {Source: Ian Thompson} 1/2-1/2

[Event "WECU-ch36"]
[Site "Winchester"]
[Date "1981.04.18"]
[Round "4"]
[White "Aitken, James Macrae"]
[Black "Mordue, A Tyson"]
[Result "0-1"]
[WhiteElo "2112"]
[BlackElo "2072"]
[PlyCount "98"]
[EventDate "1981.04.16"]
[EventType "swiss"]
[EventRounds "7"]
[EventCountry "ENG"]
[SourceTitle "Aitken Book 43"]
[Source "Geoff Chandler"]
[SourceDate "2021.09.09"]
[SourceVersion "1"]
[SourceVersionDate "2021.09.09"]
[SourceQuality "1"]

1. e4 c5 2. Nf3 d6 3. d4 cxd4 4. Nxd4 Nf6 5. Nc3 a6 6. f4 e5 7. Nf3 Nbd7 8. Be2
Be7 9. O-O b5 10. Bd3 O-O 11. Qe2 Bb7 12. Kh1 Re8 13. fxe5 dxe5 14. a3 Rc8 15.
Nh4 g6 16. Nf3 Bf8 17. Bg5 Qb6 18. Rad1 Bg7 19. Be3 Qc7 20. Bg5 Nc5 21. Ne1 Nh5
22. Qf2 Nf4 23. Bxf4 exf4 24. Qxf4 Qxf4 25. Rxf4 Be5 26. Rf1 Bxc3 27. bxc3 Na4
28. Nf3 Rxc3 29. Ng5 Re7 30. e5 Nc5 31. Rf6 Nxd3 32. cxd3 Rxe5 33. Nxf7 Rxd3
34. Rdf1 Re2 {First time control.} 35. Nh6+ Kg7 36. Rf7+ Kxh6 37. Rxb7 Rxa3 38.
h4 Ra4 39. Kg1 Rxh4 40. Rff7 Kg5 41. Ra7 Ra2 42. Rfb7 Rg4 43. Rxb5+ axb5 44.
Rxa2 b4 45. Ra7 h5 46. Rb7 Kf5 47. Kf2 Ke5 48. Rb5+ Kd6 49. g3 Kc6 {Source:
Aitken Book 43} 0-1

[Event "WECU-ch36"]
[Site "Winchester"]
[Date "1981.04.18"]
[Round "4"]
[White "Clarke, Peter Hugh"]
[Black "Wheeler, George W"]
[Result "1-0"]
[WhiteElo "2240"]
[BlackElo "2096"]
[PlyCount "49"]
[EventDate "1981.04.16"]
[EventType "swiss"]
[EventRounds "7"]
[EventCountry "ENG"]
[SourceTitle "BritBase"]
[Source "John Saunders"]
[SourceDate "2024.07.04"]
[SourceVersion "1"]
[SourceVersionDate "2024.07.04"]
[SourceQuality "1"]

1. d4 f5 2. Nf3 Nf6 3. g3 e6 4. Bg2 Be7 5. O-O O-O 6. b3 d6 7. c4 Qe8 8. Nc3
Nbd7 9. Bb2 c6 10. b4 d5 11. c5 Ne4 12. Ne5 Nxc3 13. Bxc3 Nxe5 14. dxe5 b6 15.
cxb6 axb6 16. b5 cxb5 17. Bxd5 exd5 18. Qxd5+ Qf7 19. Qxa8 Bc5 20. Rfd1 Bb7 21.
e6 Qe7 22. Qxb7 Qxb7 23. Rd7 Qxd7 24. exd7 g6 25. Bf6 {Source: David LeMoir}
1-0

[Event "WECU-ch36"]
[Site "Winchester"]
[Date "1981.04.18"]
[Round "4"]
[White "Farndon, David Alexander"]
[Black "Cullinane, Anthony Robert"]
[Result "1-0"]
[WhiteElo "2056"]
[BlackElo "2000"]
[PlyCount "47"]
[EventDate "1981.04.16"]
[EventType "swiss"]
[EventRounds "7"]
[EventCountry "ENG"]
[SourceTitle "BritBase"]
[Source "John Saunders"]
[SourceDate "2024.07.04"]
[SourceVersion "1"]
[SourceVersionDate "2024.07.04"]
[SourceQuality "1"]

1. d4 d5 2. Nc3 e6 3. Nf3 b6 4. e4 Bb4 5. Bd3 Bb7 6. exd5 Qxd5 7. O-O Qd8 8.
Qe2 Nf6 9. Bg5 Be7 10. Rad1 c6 11. Rfe1 Nbd7 12. Ne4 Qc7 13. c4 O-O 14. Ne5
Nxe5 15. dxe5 Nxe4 16. Qxe4 g6 17. Bf6 Rfe8 18. Qh4 Bf8 19. Re3 c5 20. Rh3 h5
21. Qxh5 gxh5 22. Rg3+ Bg7 23. Rxg7+ Kf8 24. Rh7 {Source: David LeMoir} 1-0

[Event "WECU-ch36"]
[Site "Winchester"]
[Date "1981.04.18"]
[Round "4"]
[White "LeMoir, David A"]
[Black "Derrick, Kenneth W"]
[Result "1/2-1/2"]
[WhiteElo "2112"]
[BlackElo "2072"]
[PlyCount "69"]
[EventDate "1981.04.16"]
[EventType "swiss"]
[EventRounds "7"]
[EventCountry "ENG"]
[SourceTitle "BritBase"]
[Source "John Saunders"]
[SourceDate "2024.07.04"]
[SourceVersion "1"]
[SourceVersionDate "2024.07.04"]
[SourceQuality "1"]

1. e4 e5 2. Nf3 Nc6 3. Be2 Nf6 4. d3 Be7 5. Nbd2 d5 6. c3 O-O 7. O-O h6 8. Qc2
Be6 9. b4 a6 10. a3 Re8 11. Re1 Bf8 12. Bb2 g6 13. Bf1 dxe4 14. dxe4 Bg7 15. a4
Nh5 16. b5 Nb8 17. c4 Nd7 18. c5 Bg4 19. h3 Bxf3 20. Nxf3 Qe7 21. bxa6 bxa6 22.
Bc4 Nf4 23. Red1 Nb8 24. Bd5 Nxd5 25. Rxd5 Nc6 26. Qc4 Rab8 27. Bc3 Nd4 28.
Nxe5 Bxe5 29. Bxd4 Bxd4 30. Rxd4 Rb2 31. Qc3 Reb8 32. Rad1 Rb1 33. Rxb1 Rxb1+
34. Kh2 Qe5+ 35. g3 {Source: David LeMoir} 1/2-1/2

[Event "WECU-ch36"]
[Site "Winchester"]
[Date "1981.04.18"]
[Round "4"]
[White "Menadue, Jeremy FS"]
[Black "Shire, David John"]
[Result "1-0"]
[WhiteElo "1904"]
[BlackElo "2120"]
[PlyCount "51"]
[EventDate "1981.04.16"]
[EventType "swiss"]
[EventRounds "7"]
[EventCountry "ENG"]
[SourceTitle "BritBase"]
[Source "John Saunders"]
[SourceDate "2024.07.04"]
[SourceVersion "1"]
[SourceVersionDate "2024.07.04"]
[SourceQuality "1"]

1. d4 Nf6 2. c4 g6 3. Nc3 Bg7 4. e4 d6 5. f3 O-O 6. Be3 b6 7. Bd3 a6 8. Nge2 c5
9. e5 Nfd7 10. exd6 exd6 11. O-O Nc6 12. Bc2 Re8 13. Bf2 cxd4 14. Nxd4 Nce5 15.
Be4 Rb8 16. f4 Nxc4 17. Nc6 Qc7 18. Nd5 Qb7 19. Nde7+ Kh8 20. Nd8 Rxe7 21. Bxb7
Bxb7 22. Nxb7 Rxb7 23. Bd4 Ne3 24. Bxe3 Rxe3 25. Qd5 Rb8 26. Qxd6 {Source:
David LeMoir} 1-0

[Event "WECU-ch36"]
[Site "Winchester"]
[Date "1981.04.18"]
[Round "4"]
[White "Thompson, Ian D"]
[Black "Staples, Maurice J"]
[Result "1/2-1/2"]
[WhiteElo "2064"]
[BlackElo "2256"]
[PlyCount "109"]
[EventDate "1981.04.16"]
[EventType "swiss"]
[EventRounds "7"]
[EventCountry "ENG"]
[SourceTitle "BritBase"]
[Source "John Saunders"]
[SourceDate "2024.07.04"]
[SourceVersion "1"]
[SourceVersionDate "2024.07.04"]
[SourceQuality "1"]

1. c4 Nc6 2. Nc3 e5 3. g3 d6 4. Bg2 g6 5. e3 Bg7 6. Nge2 Nge7 7. O-O Be6 8. d4
Bxc4 9. d5 Bxe2 10. Qxe2 Nb8 11. Qb5+ Nd7 12. Qxb7 Qb8 13. Qb5 Qxb5 14. Nxb5
Kd8 15. e4 a6 16. Na3 f5 17. f3 Rf8 18. Nc4 fxe4 19. fxe4 Rxf1+ 20. Bxf1 Ng8
21. Bg5+ Ke8 22. Rc1 Bh6 23. Bxh6 Nxh6 24. b4 Nf6 25. Bd3 Nf7 26. Rf1 Ke7 27.
Na5 Nd8 28. Rc1 Ra7 29. Kg2 Kf8 30. a3 Nf7 31. h4 g5 32. Kh3 gxh4 33. Kxh4 h6
34. Nc6 Ra8 35. Rf1 Kg7 36. Ne7 Ng5 37. Nf5+ Kg6 38. Rc1 Nfxe4 {(sealed move)}
39. Bxe4 Nxe4 40. Ne7+ Kf6 41. Rxc7 Re8 42. Nc8 Rg8 43. Rc6 Nxg3 44. Nxd6 Ke7
45. Nc8+ Kd8 46. Nb6 Nf5+ 47. Kh3 Rg3+ 48. Kh2 Rxa3 49. d6 Ra2+ 50. Kh3 Nxd6
51. Rxd6+ Kc7 52. Rxh6 Rd2 53. Na4 Rd6 54. Rh4 Rd4 55. Rg4 {(sealed move)
Source: Ian Thompson} 1/2-1/2

[Event "WECU-ch36"]
[Site "Winchester"]
[Date "1981.04.18"]
[Round "5"]
[White "Boyce, James R"]
[Black "Shire, David John"]
[Result "1/2-1/2"]
[WhiteElo "2088"]
[BlackElo "2120"]
[PlyCount "79"]
[EventDate "1981.04.16"]
[EventType "swiss"]
[EventRounds "7"]
[EventCountry "ENG"]
[SourceTitle "BritBase"]
[Source "John Saunders"]
[SourceDate "2024.07.04"]
[SourceVersion "1"]
[SourceVersionDate "2024.07.04"]
[SourceQuality "1"]

1. e4 e6 2. d3 d5 3. Nd2 c5 4. Ngf3 Nf6 5. g3 Nc6 6. Bg2 Be7 7. O-O O-O 8. Re1
b5 9. e5 Nd7 10. Nf1 a5 11. h4 b4 12. N1h2 Ba6 13. Bf4 a4 14. Ng5 Nd4 15. Qh5
h6 16. Ng4 hxg5 17. hxg5 Nxc2 18. Be4 dxe4 19. Kg2 Nxe1+ 20. Rxe1 Bxg5 21. Bxg5
f6 22. Nh6+ Kh8 23. Nf7+ Kg8 24. Nxd8 Raxd8 25. exf6 Nxf6 26. Bxf6 Rxf6 27.
dxe4 Rc8 28. Rc1 Bd3 29. f3 Be2 30. Qe5 Bxf3+ 31. Kg1 Rcf8 32. Qxc5 Bxe4 33.
Qxb4 Bd5 34. Rd1 Ba8 35. Re1 Rf2 36. Re4 Bxe4 37. Qxe4 Rxb2 38. Qxe6+ Kh8 39.
Qh3+ Kg8 40. Qe6+ {Source: David LeMoir} 1/2-1/2